[Event "Niedersachsen-ch op C"]
[Site "Verden"]
[Date "2019.01.05"]
[Round "6"]
[White "Hindersmann, Silas"]
[Black "Kuipers, Hartmut"]
[Result "1-0"]
[WhiteElo "1097"]
[BlackElo "1044"]
[PlyCount "113"]
[EventDate "2019.01.03"]
[EventType "swiss"]
[EventRounds "7"]
[EventCountry "GER"]
[SourceTitle "EXT 2022"]
[Source "ChessBase"]
[SourceDate "2021.10.06"]
[SourceVersion "1"]
[SourceVersionDate "2021.10.06"]
[SourceQuality "1"]

1. e4 c5 2. f4 Nc6 3. Nc3 e5 4. d3 Nf6 5. Nf3 d6 6. Be3 Be7 7. Be2 0-0 8. Qd2 Be6 9. f5 Bd7 10. 0-0-0 Nd4 11. Bg5 Nxe2+ 12. Qxe2 h6 13. Be3 Qb6 14. Rhg1 Bc6 15. g4 d5 16. g5 hxg5 17. Bxg5 d4 18. Nb1 Qc7 19. h4 Ne8 20. Qg2 Bxg5+ 21. Qxg5 f6 22. Qg6 Qf7 23. h5 Qxg6 24. Rxg6 Kf7 25. Nbd2 Rh8 26. Rh1 Rh7 27. Nb3 b6 28. Ng5+ fxg5 29. Rxc6 Nf6 30. h6 Rxh6 31. Rxh6 gxh6 32. Rc7+ Kg8 33. Rc6 Rf8 34. Nd2 Rf7 35. Nf3 g4 36. Nxe5 Rf8 37. Nxg4 Nxg4 38. Rg6+ Kh7 39. Rxg4 Rg8 40. Rxg8 Kxg8 41. Kd1 Kg7 42. Ke2 Kf6 43. Kf3 Kg5 44. Kg3 h5 45. Kh3 b5 46. b3 a6 47. a4 bxa4 48. bxa4 a5 49. Kg3 h4+ 50. Kh3 Kh5 51. f6 Kg6 52. e5 Kf7 53. Kxh4 Ke6 54. Kg5 Kf7 55. Kf5 Kf8 56. Kg6 Kg8 57. e6 1-0

[Event "Niedersachsen-ch op C"]
[Site "Verden"]
[Date "2019.01.03"]
[Round "1"]
[White "Sauer, Tim"]
[Black "Kuipers, Hartmut"]
[Result "1-0"]
[WhiteElo "1499"]
[BlackElo "1044"]
[PlyCount "79"]
[EventDate "2019.01.03"]
[EventType "swiss"]
[EventRounds "7"]
[EventCountry "GER"]
[SourceTitle "EXT 2022"]
[Source "ChessBase"]
[SourceDate "2021.10.06"]
[SourceVersion "1"]
[SourceVersionDate "2021.10.06"]
[SourceQuality "1"]

1. c4 c5 2. Nf3 Nc6 3. g3 b6 4. Bg2 Bb7 5. 0-0 Nf6 6. d4 cxd4 7. Nxd4 e5 8. Nf3 Bc5 9. Nxe5 Qc7 10. Bf4 Nxe5 11. Bxb7 Rb8 12. Bg2 0-0 13. Nc3 a6 14. a3 Rfe8 15. Nd5 Qd8 16. b4 Bd6 17. Nc3 Qe7 18. Nd5 Nxd5 19. Qxd5 Qe6 20. Rfd1 Qxd5 21. Bxd5 Re7 22. Bxf7+ Nxf7 23. Bxd6 Nxd6 24. Rxd6 Rb7 25. e3 Kf8 26. Rad1 Ke8 27. Kg2 Re6 28. R6d5 Rc7 29. Kf3 Ke7 30. R1d4 Rf6+ 31. Kg2 Ke6 32. Rd6+ Ke7 33. Rxf6 Kxf6 34. Rd6+ Ke7 35. Rxb6 Rxc4 36. Rxa6 Rc6 37. Rxc6 dxc6 38. Kf3 Kd6 39. Ke4 g6 40. Kd4 1-0

[Event "Niedersachsen-ch op-C"]
[Site "Verden"]
[Date "2016.01.06"]
[Round "7"]
[White "Kuipers, Hartmut"]
[Black "Koenig, Emmilie"]
[Result "0-1"]
[WhiteElo "1117"]
[BlackElo "789"]
[PlyCount "40"]
[EventDate "2016.01.03"]
[EventType "swiss"]
[EventRounds "7"]
[EventCountry "GER"]
[SourceTitle "EXT 2018"]
[Source "ChessBase"]
[SourceDate "2017.10.13"]
[SourceVersion "1"]
[SourceVersionDate "2017.10.13"]
[SourceQuality "1"]

1. Nf3 Nc6 2. g3 d5 3. Bg2 Nf6 4. 0-0 Bg4 5. d4 e6 6. Bg5 Be7 7. Nbd2 0-0 8. Re1 h6 9. Bxf6 Bxf6 10. c3 Re8 11. Qc2 e5 12. dxe5 Bxe5 13. Nxe5 Nxe5 14. Qb3 Rb8 15. Bxd5 c6 16. Bxf7+ Nxf7 17. Rad1 Bxe2 18. Rxe2 Rxe2 19. Qc2 Qd6 20. Kf1 Rbe8 0-1

[Event "Niedersachsen-ch op-C"]
[Site "Verden"]
[Date "2016.01.03"]
[Round "1"]
[White "Kuipers, Hartmut"]
[Black "Evering, Kira"]
[Result "1/2-1/2"]
[WhiteElo "1117"]
[BlackElo "881"]
[PlyCount "48"]
[EventDate "2016.01.03"]
[EventType "swiss"]
[EventRounds "7"]
[EventCountry "GER"]
[SourceTitle "EXT 2018"]
[Source "ChessBase"]
[SourceDate "2017.10.13"]
[SourceVersion "1"]
[SourceVersionDate "2017.10.13"]
[SourceQuality "1"]

1. d4 d5 2. c4 c6 3. Nc3 Nf6 4. e3 e6 5. Nf3 Bb4 6. Bd2 Bxc3 7. Bxc3 dxc4 8. Bxc4 b5 9. Bb3 0-0 10. 0-0 Re8 11. Ne5 Qc7 12. Rc1 Nbd7 13. Nxd7 Bxd7 14. Qf3 Rac8 15. Rfd1 Rcd8 16. Bc2 h6 17. b3 e5 18. Bb2 Bg4 19. Qg3 Bxd1 20. Bxd1 Qd7 21. h3 exd4 22. Bxd4 Kf8 23. Bc5+ Kg8 24. Bd4 Kf8 1/2-1/2

[Event "Niedersachsen-ch op-B"]
[Site "Verden"]
[Date "2015.01.04"]
[Round "6"]
[White "Schoppe, Oskar"]
[Black "Kuipers, Hartmut"]
[Result "0-1"]
[WhiteElo "930"]
[BlackElo "1052"]
[PlyCount "112"]
[EventDate "2015.01.02"]
[EventType "swiss"]
[EventRounds "7"]
[EventCountry "GER"]
[SourceTitle "EXT 2018"]
[Source "ChessBase"]
[SourceDate "2017.10.13"]
[SourceVersion "1"]
[SourceVersionDate "2017.10.13"]
[SourceQuality "1"]

1. e4 c5 2. Nf3 Nc6 3. d4 cxd4 4. Nxd4 Nf6 5. Nxc6 bxc6 6. Nc3 e6 7. Bg5 Be7 8. Bc4 0-0 9. e5 Ne8 10. Bxe7 Qxe7 11. 0-0 Qc5 12. Bb3 Qxe5 13. Re1 Qf6 14. Ne4 Qg6 15. Nc5 d5 16. Ba4 Rb8 17. Qd2 Nf6 18. b3 Nd7 19. Nxd7 Bxd7 20. c4 Rb7 21. cxd5 cxd5 22. Bxd7 Rxd7 23. a4 Rc8 24. Rac1 Rdc7 25. b4 Rc4 26. Rxc4 Rxc4 27. Qxd5 Rc8 28. Qb7 Qc2 29. Qxa7 Qc1 30. Kf1 Qc4+ 31. Kg1 Qxb4 32. Rf1 g6 33. h3 Rc2 34. Ra1 Qb2 35. Rf1 Kg7 36. a5 Qa2 37. a6 Rc6 38. Qb7 Qxa6 39. Qxa6 Rxa6 40. Re1 Kf6 41. Kh2 h5 42. g3 Ra4 43. Kg2 Kf5 44. Kf3 f6 45. h4 e5 46. Kg2 Ra3 47. Re3 Rxe3 48. fxe3 Ke4 49. Kf2 f5 50. Ke2 f4 51. exf4 exf4 52. Kf2 f3 53. Kf1 Ke3 54. Ke1 f2+ 55. Kf1 Kf3 56. g4 hxg4 0-1